Statistics for The Works of George Orwell

Click here to take the quiz!

General Stats

  • This quiz has been taken 509 times
  • The average score is 5 of 9

Answer Stats

HintAnswer% Correct
1949Nineteen Eighty-Four
99%
1945Animal Farm
97%
1933Down and Out in Paris and London
54%
1937The Road to Wigan Pier
51%
1938Homage to Catalonia
45%
1936Keep the Aspidistra Flying
43%
1934Burmese Days
40%
1939Coming Up for Air
26%
1935A Clergyman's Daughter
24%

Score Distribution

Percentile by Number Answered

Percent of People with Each Score

Your Score History

You have not taken this quiz